MARC

LEADER 00000nam0a2200000 4500
001 279223
005 20231101235205.0
020 |a RU  |b 86-59696 
035 |a (RuTPU)RU\TPU\book\302501 
090 |a 279223 
100 |a 20141217d1986 km y0rusy5003 ca 
101 0 |a rus 
102 |a RU 
105 |a a z 001zy 
200 1 |a Оптимизация надежности электроэнергетических систем  |f Г. А. Волков  |g Академия наук СССР (АН СССР), Энергетический институт им. Г. М. Кржижановского 
210 |a Москва  |c Наука  |d 1986 
215 |a 116 с.  |c ил. 
320 |a Библиогр.: с. 112-114 (63 назв.) 
606 1 |a Энергетические системы  |x Надежность  |2 stltpush  |3 (RuTPU)RU\TPU\subj\21262  |9 46281 
610 1 |a надежность 
610 1 |a оптимизация 
610 1 |a нагрузки 
610 1 |a нагрузочная способность 
610 1 |a экономико-математические модели 
675 |a 621.311.019  |z rus  |v 4 
700 1 |a Волков  |b Г. А.  |g Геннадий Александрович  |4 070 
712 0 2 |a Академия наук СССР (АН СССР)  |b Энергетический институт им. Г. М. Кржижановского  |c (Москва)  |c (1930-1961)  |2 stltpush  |3 (RuTPU)RU\TPU\col\14865 
801 0 |a RU  |b RuMRKP  |c 19950704  |g psbo 
801 1 |a RU  |b 63413507  |c 20141217 
801 2 |a RU  |b 63413507  |c 20180129  |g RCR 
942 |c BK